01533nam a2200373Ia 4500001001200000003000800012006001900020007001500039008004100054010001700095020002700112020003000139020001800169040002100187035002100208050002300229082001500252245016900267260003800436300004300474490006100517504005100578533015200629650001000781650002700791650002300818655002900841700002900870700003800899710001700937830006200954856012601016999001701142ebr10658925CaPaEBRm u cr cn|||||||||090803s2010 nyuab sb 001 0 eng d z 2009029734 z1608761460 (hardcover) z9781608761463 (hardcover) z9781617617492 aCaPaEBRcCaPaEBR a(OCoLC)66951946714aTC549b.C54 2010eb04a627/.822200aCheck dams, morphological adjustments and erosion control in torrential streamsh[electronic resource] /cCarmelo Consesa Garcia and Mario Aristide Lenzi, editors. aNew York :bNova Science,cc2010. axii, 339 p. :bill., maps (some col.).1 aEnvironmental science, engineering and technology series aIncludes bibliographical references and index. aElectronic reproduction.bPalo Alto, Calif. :cebrary,d2013.nAvailable via World Wide Web.nAccess may be limited to ebrary affiliated libraries. 0aDams. 0aStream channelization. 0aSoil conservation. 7aElectronic books.2local1 aConsesa Garcia, Carmelo.1 aLenzi, Mario A.q(Mario Aristide)2 aebrary, Inc. 0aEnvironmental science, engineering and technology series.40uhttp://site.ebrary.com/lib/rucke/Doc?id=10658925zAn electronic book accessible through the World Wide Web; click to view c64433d64433